Historia de las apariciones de Nuestra Señora de Guadalupe /

Traducción al castellano de uno de los primeros relatos de las apariciones de la Virgen de Guadalupe, escrito originalmente en lengua nahua y cuya autoría ha sido motivo de varias discusiones y estudios historiográficos. Para el traductor Primo Feliciano Velázquez, el relato es obra de Antonio Valer...

תיאור מלא

שמור ב:
מידע ביבליוגרפי
מחבר ראשי: Valeriano, Antonio (autor)
מחברים אחרים: Alva Ixtlilxóchitl, Fernando de (autor) (autor), Velázquez, Primo Feliciano (traducción) (traducción)
פורמט: ספר
שפה:ספרדית
נושאים:
תגים: הוספת תג
אין תגיות, היה/י הראשונ/ה לתייג את הרשומה!

MARC

LEADER 00000nam^a2200000^a^4500
001 000102226
005 20250521000000.0
009 20260310093304.976
037 |a Acervo ITESO - Biblioteca 
041 |a ESP 
082 |a 232. 917  |b VAL 
100 |a Valeriano, Antonio  |e (autor) 
240 1 1 |a [Huei Tlamahuicoltiça] 
240 1 1 |a [Nican Mopohua] 
245 1 0 |a Historia de las apariciones de Nuestra Señora de Guadalupe /  |c A. Valeriano, F. de Alva Ixtlixóchitl ; tr. por P.F. Velázquez. 
264 |a México :  |b editorial no identificada,  |c 1974 
300 |a 25 p. 
336 |a texto  |b txt  |2 rdacontenido 
337 |a sin mediación  |b n  |2 rdamedio 
338 |a volumen  |b nc  |2 rdasoporte 
520 |a Traducción al castellano de uno de los primeros relatos de las apariciones de la Virgen de Guadalupe, escrito originalmente en lengua nahua y cuya autoría ha sido motivo de varias discusiones y estudios historiográficos. Para el traductor Primo Feliciano Velázquez, el relato es obra de Antonio Valeriano, indígena mexicano del siglo XVI y estudiante del Colegio de Tlatelolco, y cuenta con adiciones de Fernando Alva Ixtlilxóchitl, historiador y traductor fallecido en el siglo XVII. Una segunda versión indica que el documento fue un trabajo colectivo de varios indígenas, dirigidos por Bernardino de Sahagún, en el Colegio de Tlatelolco, entre los años 1560 y 1570, y otras fuentes señalan la autoría de Luis Lasso de la Vega, quien publicó el relato en 1649. 
649 |a XX 
650 |a Virgen de Guadalupe -  |x Apariciones y Milagros -  |x Historia -  |x Tema Principal 
650 |a Virgen de Guadalupe -  |z México -  |x Culto -  |x Historia 
650 |a Virgen de Guadalupe -  |x Culto -  |x Historia 
650 |a Virgen María -  |x Apariciones y Milagros 
650 |a Virgen María -  |z México -  |x Culto 
650 |a Virgen María -  |x Culto 
650 |a Iglesia Católica en México -  |x Historia 
650 |a Culto Religioso -  |z México -  |x Historia 
650 |a Catolicismo -  |z México -  |x Historia 
650 |a Cristianismo -  |z México -  |x Historia 
650 |a Religión -  |z México -  |x Historia 
650 |a México -  |x Historia -  |x Documentos 
650 |a México -  |x Historia -  |y Gobernadores y Audiencia, 1521-1535 
650 |a México -  |x Historia -  |y Siglo XVI 
650 |a México -  |x Historia -  |y Epoca Colonial, 1517-1821 
700 |a Alva Ixtlilxóchitl, Fernando de  |e (autor) 
700 |a Velázquez, Primo Feliciano  |e (traducción) 
910 |a Fondo Salvador Reynoso Reynoso 
920 |a Impresos - Libros 
930 |a Fondos Especiales 
905 |a 112 
901 |a 0500037550  |b IT2  |c ESP  |u 20250521 
902 |a https://opac.biblio.iteso.mx/vufind/Record/000102226